00688nam a2200181 a 45000010005000000030009000050080041000140400028000550820015000832450118000982600035002163000010002515900032002616500035002939420012003289990017003409520149003575208CO-ViMGA141112s2004 ck r 000 u spa d aCO-ViMGAbspacCO-ViMGA04aR463 D422t10aDiccionarios de la lengua española : btodos los nuevos vocablos de la lengua castellana incluidos en esta obra aMadrid : bA.L. Mateos, c1990 a462 p aDatos de inventario : 0524814aESPAÑOL - DICCIONARIOS93286 2ddccBK c17208d17208 01102ddc44708003aMEVIECARbMEVIECARd2015-12-04hVolumen. 1 | 11/jun/2009l0oR463 D422t p5208r2015-12-04 00:00:00tEj. 1w2015-12-04yBK